书目信息 |
| 题名: |
中级无机化学实验
|
|
| 作者: | 王伯康 编 | |
| 分册: | ||
| 出版信息: | 北京 高等教育出版社 1984 |
|
| 页数: | 226页 | |
| 开本: | 25cm | |
| 丛书名: | ||
| 单 册: | ||
| 中图分类: | O61-3 | |
| 科图分类: | ||
| 主题词: | 无机化学 | |
| 电子资源: | ||
| ISBN: | ||
| 000 | 00657nam0 2200241 45 | |
| 001 | 0184002111 | |
| 005 | 20060331092223.20 | |
| 010 | @dCNY1.95 | |
| 091 | @a13010.0998 | |
| 100 | @a19950612d1984 em y0chiy0121 ea | |
| 101 | 0 | @achi |
| 102 | @aCN@b110000 | |
| 105 | @ay z 000yy | |
| 200 | 10 | @a中级无机化学实验@Azhong ji wu ji hua xue shi yan@f王伯康等编@Fwang bo kang deng bian |
| 210 | @a北京@c高等教育出版社@d1984 | |
| 215 | @a226页@d25cm | |
| 300 | @a高等学校试用教材 | |
| 606 | 0 | @a无机化学 |
| 690 | @aO61-3@v4 | |
| 701 | 0 | @a王伯康@Awang bo kang@4编 |
| 801 | 2 | @aCN@bNLC@c20060331 |
| 801 | 0 | @aCN@b上海图书馆@c20040524 |
| 905 | @dO61-3@e18 | |
| 中级无机化学实验/王伯康等编.-北京:高等教育出版社,1984 |
| 226页;25cm |
| 高等学校试用教材 |
| ISBN :CNY1.95 |
| ● |
| 相关链接 |
|
|
|
|
正题名:中级无机化学实验
索取号:O61-3/18
 
预约/预借
| 序号 | 登录号 | 条形码 | 馆藏地/架位号 | 状态 | 备注 |
| 1 | 0121160 | 000345816 | 第三借阅区/ [索取号:O61-3/18] | 在馆 | |
| 2 | 0121161 | 000345825 | 密集书库/ [索取号:O61-3/18] | 在馆 | |
| 3 | 0121162 | 000345852 | 第三借阅区/ [索取号:O61-3/18] | 在馆 | |
| 4 | 0121163 | 202236507 | 密集书库/ [索取号:O61-3/18] | 在馆 | |
| 5 | 0121164 | 001948904 | 密集书库/ [索取号:O61-3/18] | 在馆 | |
| 6 | 0121165 | 202236491 | 密集书库/ [索取号:O61-3/18] | 在馆 | |
| 7 | 0121166 | 000345834 | 第三借阅区/ [索取号:O61-3/18] | 在馆 | |
| 8 | 0121167 | 000345807 | 密集书库/ [索取号:O61-3/18] | 在馆 | |
| 9 | 0121168 | 202448949 | 第二样本阅览室/ [索取号:O61-3/18] | 在馆 | |
| 10 | 0121275 | 000345843 | 密集书库/ [索取号:O61-3/18] | 在馆 |